000 00432nam a2200157 i 4500
001 96235
003 ES-MaACL
005 20230906181856.0
007 t|
008 050614s1912 fr ||||1| fre d
100 1 _aMaeterlinck, Maurice.
_975418
245 1 2 _aL'intelligence des fleurs... /
_cMaurice Maeterlinck.
260 _aParis :
_b[s.n.],
_c1912 (
_fImp. Réunies)
300 _a314 p. ;
_c19 cm.
852 _aES-MaACL
_jF-3310
999 _c96235
_d96235